Normal view MARC view

Entry Nombre personal

Number of records used in: 9

001 - NÚMERO DE CONTROL

  • campo de control: 86687

003 - IDENTIFICADOR DE NÚMERO DE CONTROL

  • campo de control: OSt

005 - FECHA Y HORA DE LA ÚLTIMA TRANSACCIÓN

  • campo de control: 20230222192515.0

008 - ELEMENTOS DE DATO DE LONGITUD-FIJA

  • campo de control de longitud fija: 950313 n acnnnaaan n ann d

040 ## - FUENTE DE CATALOGACIÓN

  • Centro catalogador/agencia de origen: OSt
  • Centro/agencia transcriptor: OSt

100 00 - ENCABEZAMIENTO-NOMBRE DE PERSONA

  • Nombre de persona: Olcina Aya, Emilio

400 00 - TRAZADO DE VÉASE--NOMBRE DE PERSONA

  • Nombre de persona: Olcina, Emili

400 00 - TRAZADO DE VÉASE--NOMBRE DE PERSONA

  • Nombre de persona: Olcina, Emilio